LEADER 01170nam a2200301 i 4500 001 991001592309707536 005 20020502191519.0 008 940208s1993 it ||| | ita 020 $a8834304896 035 $ab10875037-39ule_inst 035 $aLE02372444$9ExL 040 $aDip.to Studi Storici$bita 082 0 $a940.1 100 1 $aZerbi, Pietro$0198237 245 11$a"Ecclesia in hoc mundo posita" :$bstudi di storia e storiografia medievale raccolti in occasione del 70? genetliaco dell'autore /$cPietro Zerbi 260 $aMilano :$bVita e Pensiero,$c1993 300 $aLII, 738 p. ;$c22 cm. 490 0 $aBibliotheca erudita. Studi e documenti di storia e filologia ;$v6 650 4$aChiesa$xStoria$yMedioevo 650 4$aMonachesimo 650 4$aPapato e impero$yMedioevo 650 4$aReligione$yMedioevo - Tolleranza 907 $a.b10875037$b23-02-17$c28-06-02 912 $a991001592309707536 945 $aLE023 940.1 ZER 1 1$g1$i2023000023389$lle023$o-$pE0.00$q-$rl$s- $t0$u3$v0$w3$x0$y.i10983132$z28-06-02 996 $a"Ecclesia in hoc mundo posita"$9538943 997 $aUNISALENTO 998 $ale023$b01-01-94$cm$da $e-$fita$git $h1$i1 LEADER 01707oam 2200505zu 450 001 9910872717703321 005 20241212214947.0 035 $a(CKB)111026746737468 035 $a(SSID)ssj0000558346 035 $a(PQKBManifestationID)12157902 035 $a(PQKBTitleCode)TC0000558346 035 $a(PQKBWorkID)10558824 035 $a(PQKB)11359524 035 $a(EXLCZ)99111026746737468 100 $a20160829d1993 uy 101 0 $aeng 181 $ctxt 182 $cc 183 $acr 200 00$aGlobal data networking, 1993 : proceedings, December 12-15, 1993, Cairo, Egypt 210 31$a[Place of publication not identified]$cIEEE Computer Society Press$d1993 300 $aBibliographic Level Mode of Issuance: Monograph 311 08$a9780818642708 311 08$a081864270X 606 $aData transmission systems$vCongresses 606 $aComputer networks$vCongresses 606 $aMultimedia systems$vCongresses 606 $aElectrical & Computer Engineering$2HILCC 606 $aEngineering & Applied Sciences$2HILCC 606 $aTelecommunications$2HILCC 615 0$aData transmission systems 615 0$aComputer networks 615 0$aMultimedia systems 615 7$aElectrical & Computer Engineering 615 7$aEngineering & Applied Sciences 615 7$aTelecommunications 676 $a004.6/7 702 $aTantawy$b Ahmed N 712 02$aIEEE Computer Society 712 12$aIEEE Symposium on Global Data Networking$d(1st :$f1993 :$eCairo, Egypt) 801 0$bPQKB 906 $aBOOK 912 $a9910872717703321 996 $aGlobal data networking, 1993 : proceedings, December 12-15, 1993, Cairo, Egypt$92514154 997 $aUNINA